| 000 | 00871cam a2200229 4500 | ||
|---|---|---|---|
| 001 | ABS63372 | ||
| 008 | 000000n2001 000 0 eng u | ||
| 035 | _a(Sirsi) u110698 | ||
| 245 | _aHeight services and lightning technology | ||
| 260 | _c2001 | ||
| 490 |
_aConstruction News _v Supplement (6700) 25 January 2001 (26) (LOAN) |
||
| 520 | _aA National Federation of Master Steeplejacks & Lightning Conductor Engineers Supplement looking at the Federation's history and roe in the industry, new codes of practice and the need for regular chimney inspections to ensure health and safety requirements are met. | ||
| 590 | _aABS | ||
| 650 | _aCHIMNEYS | ||
| 650 |
_aHEALTH AND SAFETY _96244 |
||
| 650 | _aLIGHTNING | ||
| 650 | _aLIGHTNING CONDUCTORS | ||
| 650 | _aLIGHTNING PROTECTION SYSTEMS | ||
| 650 | _aSPIRES | ||
| 690 | _aBUILT ENVIRONMENT | ||
| 942 | _n0 | ||
| 999 |
_c65970 _d65970 |
||